| 000 | 00528nam a2200229Ia 4500 | ||
|---|---|---|---|
| 003 | IT-RoPAU | ||
| 008 | 120407s9999 xx 000 0 und d | ||
| 040 | _aIT-RoPAU | ||
| 040 | _cIT-RoPAU | ||
| 041 | _aita | ||
| 100 | _aJacques Monod | ||
| 245 | _aIl caso e la necessità. Saggio sulla filosofia naturale della biologia contemporanea. | ||
| 250 | _aMilano | ||
| 260 | _aMondadori | ||
| 260 | _c1970 | ||
| 300 | _a163 p. | ||
| 300 | _c21 cm | ||
| 490 | _v1 | ||
| 600 | _a1. Titolo | ||
| 942 | _cBK | ||
| 999 |
_c26687 _d26687 |
||